[Event "Copenhagen Chess Challenge"]
[Site "Ballerup DEN"]
[Date "2009.05.06"]
[Round "1"]
[White "Bejtovic,J"]
[Black "Andersen,Ki"]
[Result "1/2-1/2"]
[WhiteElo "2306"]
[BlackElo "1914"]

1.e4 c5 2.Nf3 Nc6 3.Bb5 e6 4.Bxc6 bxc6 5.e5 f6 6.O-O fxe5 7.Nxe5 Nf6 8.d3 Be7
9.b3 O-O 10.Bb2 Qc7 11.f4 Nd5 12.Qd2 Bf6 13.c4 Ne7 14.Nc3 d6 15.Nf3 Nf5 16.Rae1 Bd7
17.Ne4 Bd4+ 18.Nxd4 cxd4 19.c5 d5 20.Nd6 Nxd6 21.cxd6 Qb6 22.f5 Rae8 23.Qg5 exf5
24.Re7 Rxe7 25.dxe7 Re8 26.Rc1 Qb4 27.Qf4 Rxe7 28.Bxd4 c5 29.Be5 Qxf4 30.Bxf4 Re2
31.Rxc5 Rxa2 32.Be5 Kf7 33.Rxd5  1/2-1/2

[Event "Copenhagen Chess Challenge"]
[Site "Ballerup DEN"]
[Date "2009.05.08"]
[Round "5"]
[White "Petrovski,P"]
[Black "Fredericia,L"]
[Result "1/2-1/2"]
[WhiteElo "1772"]
[BlackElo "2100"]

1.e4 c5 2.Nf3 Nc6 3.Bb5 g6 4.O-O Bg7 5.Re1 Qb6 6.Bxc6 bxc6 7.e5 Nh6 8.Nc3 O-O
9.d3 d5 10.h3 Nf5 11.Ne2 Ba6 12.Nf4 c4 13.d4 Rad8 14.g4 Nh6 15.c3  1/2-1/2

[Event "31st Banicky kahanec"]
[Site "Prievidza SVK"]
[Date "2009.05.08"]
[Round "6"]
[White "Miton,K"]
[Black "Markos,J"]
[Result "1/2-1/2"]
[WhiteElo "2596"]
[BlackElo "2571"]

1.e4 c5 2.Nf3 Nc6 3.Bb5 Nf6 4.Bxc6 dxc6 5.d3 Bg4 6.h3 Bxf3 7.Qxf3 g6 8.O-O Bg7
9.Qe2 O-O 10.Nc3 e5 11.Be3 Qe7 12.a4 a5 13.Qd2 Rfd8 14.b3 Nd7 15.Rae1 Nf8
16.f4 exf4 17.Bxf4 Ne6 18.Bg3 Bd4+ 19.Kh2 h5 20.Kh1 h4 21.Bh2 Ng7 22.Ne2 Nh5
23.Nxd4 Rxd4 24.Rf3 b5 25.Bg1 Ng3+ 26.Kh2 Rb4 27.Be3 bxa4 28.Bg5 Qe5 29.Kg1 axb3
30.Bf6 Qh5 31.cxb3 a4 32.bxa4 Rbxa4 33.Rb1 Kh7 34.Bb2 g5 35.Re1 Ra2 36.Qc3 Qg6
37.Rf2 Nh5 38.Ref1 f6 39.Rxf6 Nxf6 40.Rxf6 Qg7 41.Qe5 Rxb2 42.Qxb2  1/2-1/2

[Event "Copenhagen Chess Challenge"]
[Site "Ballerup DEN"]
[Date "2009.05.10"]
[Round "9"]
[White "Petrovski,P"]
[Black "Jorgensen,Ka"]
[Result "1/2-1/2"]
[WhiteElo "1772"]
[BlackElo "1999"]

1.e4 c5 2.Nf3 Nc6 3.Bb5 g6 4.O-O Bg7 5.c3 e5 6.d3 Nge7 7.Be3 d6 8.d4 cxd4
9.cxd4 O-O 10.dxe5 dxe5 11.Nc3 Bg4 12.h3 Bxf3 13.Qxf3 Nd4 14.Bxd4 exd4 15.Nd5 Nxd5
16.exd5 Qb6 17.Bc4 Qxb2 18.Rab1 Qc3 19.Qxc3 dxc3 20.Rxb7 a5 21.d6 Rab8 22.Rxb8 Rxb8
23.d7 Kf8 24.Re1 Bf6 25.Bb3 Be7 26.Re3 Rb7 27.Rd3 Bd8 28.Rxc3  1/2-1/2

[Event "TCh-NED 2008-9"]
[Site "Netherlands NED"]
[Date "2009.05.10"]
[Round "9"]
[White "Van Oosterom,C"]
[Black "Kuipers,S"]
[Result "1/2-1/2"]
[WhiteElo "2420"]
[BlackElo "2321"]

1.e4 c5 2.Nf3 Nc6 3.Bb5 g6 4.c3 Bg7 5.d4 Qb6 6.Bxc6 bxc6 7.O-O Nf6 8.e5 Nd5
9.c4 Nc7 10.dxc5 Qxc5 11.b3 Qa5 12.Bd2 Qb6 13.Be3 c5 14.Nc3 Ne6 15.Qd2 O-O
16.Nd5 Qd8 17.Bh6 Bb7 18.Rfe1 Nc7 19.Re4 f6 20.exf6 exf6 21.Bxg7 Kxg7 22.Rae1 Rf7
23.h4 Bxd5 24.cxd5 Qf8 25.h5 Re8 26.hxg6 hxg6 27.Rxe8 Nxe8 28.Qa5 d6 29.b4 Nc7
30.Rd1 cxb4 31.Nd4 Qb8 32.Rc1 Kg8 33.Nc6 Qb5 34.Qxb5 Nxb5 35.Nxb4 Rc7 36.Nc6 Nd4
37.Rc4 Nxc6 38.Rxc6 Rd7 39.a4 Kf7 40.a5 g5 41.Kh2 Kg6 42.g4 f5 43.Kg3 Kf6
44.Rc8 fxg4 45.Re8 Re7 46.Rxe7 Kxe7 47.Kxg4 Kf6 48.a6 Kg6 49.f3 Kf6 50.f4 gxf4
51.Kxf4 Kg6 52.Kg4 Kf6 53.Kf4 Kg6  1/2-1/2

[Event "XXVIII Open"]
[Site "Zalakaros HUN"]
[Date "2009.05.10"]
[Round "3"]
[White "Pergel,L"]
[Black "Gonda,L"]
[Result "1/2-1/2"]
[WhiteElo "2288"]
[BlackElo "2522"]

1.e4 c5 2.Nf3 Nc6 3.Bb5 e6 4.O-O Nge7 5.Re1 a6 6.Bxc6 Nxc6 7.d4 cxd4 8.Nxd4 d6
9.c4 Be7 10.Be3 O-O 11.Nc3 Bd7 12.Rc1 Nxd4 13.Qxd4 b5 14.Red1 Bc6 15.a3 Rc8
16.cxb5 axb5 17.Qd3 Qa5 18.Ne2 Qa8 19.f3 d5 20.exd5 Bxd5 21.Rxc8 Rxc8 22.Nc3 Bc6
23.Bd4 Rd8 24.Qe3 Qb7 25.Bc5 Rxd1+ 26.Nxd1 Bf6 27.Nc3 Qd7 28.Kf2 h5 29.Ke2 Qc7
30.g3 h4 31.Kf2 Qd7 32.Ke2 Qc7 33.Kf2 Be5 34.f4 Bf6 35.Bd4 Be7 36.Qe5 Qxe5
37.fxe5 f5 38.Na2 Kf7 39.Nb4 Bxb4 40.axb4 hxg3+ 41.hxg3 Kg6 42.Bc5 Kg5 43.Bf8 g6
44.Bd6 Kg4 45.Be7 g5 46.Bd8 Bd5  1/2-1/2

[Event "Limpedea Cup"]
[Site "Baia Sprie ROM"]
[Date "2009.05.11"]
[Round "1"]
[White "Szabo,At1"]
[Black "Shishkin,Va UKR"]
[Result "1/2-1/2"]
[WhiteElo "2284"]
[BlackElo "2498"]

1.e4 c5 2.Nf3 Nc6 3.Bb5 g6 4.O-O Bg7 5.Re1 e5 6.Bxc6 dxc6 7.d3 Qe7 8.Be3 Nf6
9.Nc3 O-O 10.h3 Rd8 11.Qc1 Nd7 12.a3 b6 13.Rb1 Nf8 14.Bh6 f6 15.Bxg7 Kxg7
16.Nh2 Ne6 17.Ne2 Nd4 18.Nxd4 cxd4 19.f4 c5 20.Qd2 Bd7 21.Rf1 Rf8 22.Rbc1 Rae8
23.Nf3 exf4 24.Qxf4 Bc8 25.Qg3 Qd7 26.Nd2 Ba6 27.Rf2 Re7 28.Rcf1 Qc7 29.Qh4 Ref7
30.b3 Bc8 31.a4 Be6 32.Nf3 h6 33.Nh2 Qd7 34.Ng4 Bxg4 35.Qxg4 Qxg4 36.hxg4 Re8
37.g3 Re5 38.Kg2 Rg5 39.Kh3 a6 40.Ra1 Rf8 41.Raf1 Rf7 42.Ra1 Rc7 43.Raf1 Rc6
44.Ra1 Kf7 45.Raf1 Rd6 46.Ra1 Ke7 47.Raf1 Re6 48.Ra1 Kd6 49.Raf1 Ke5 50.Re1 Re7
51.Ref1 Rf7 52.Rf4 Rf8 53.Kg2 h5 54.gxh5 Rxh5 55.Rh4 Rfh8 56.Rxh5+ Rxh5 57.Re1 Rh8
58.Ra1 f5 59.exf5 gxf5 60.Re1+ Kf6 61.Re2 b5 62.axb5 axb5 63.Rf2 Rg8 64.Kf3 Ra8
65.g4 fxg4+ 66.Kxg4+ Ke5 67.Rf5+ Kd6 68.b4 Rc8 69.bxc5+ Rxc5 70.Kf4  1/2-1/2

[Event "XXVIII Open"]
[Site "Zalakaros HUN"]
[Date "2009.05.13"]
[Round "6"]
[White "Pergel,L"]
[Black "Meszaros,T"]
[Result "0-1"]
[WhiteElo "2288"]
[BlackElo "2434"]

1.e4 c5 2.Nf3 Nc6 3.Bb5 e6 4.O-O Nge7 5.Re1 a6 6.Bxc6 Nxc6 7.d4 cxd4 8.Nxd4 Nxd4
9.Qxd4 b5 10.Nc3 Bb7 11.Bf4 f6 12.Bd6 Bxd6 13.Qxd6 Rc8 14.a4 bxa4 15.Rxa4 Qc7
16.Rd1 Qxd6 17.Rxd6 Ke7 18.Rb6 Rc7 19.Rab4 Bc8 20.Kf1 h5 21.Ke2 h4 22.Kd3 Rh5
23.Rc4 Rxc4 24.Kxc4 Ra5 25.Kd3 Ra1 26.Ne2 Rh1 27.Ke3 Rxh2 28.Kf3 g5 29.c4 Kd8
30.Rd6 Bb7 31.Nc3 f5 32.Ke3 Rxg2 33.exf5 exf5 34.Rh6 f4+ 35.Ke2 Rg1 36.Na4 f3+
37.Ke3 Re1+ 38.Kd4 Re2 39.Nc5 Bc6 40.Nd3 Re4+ 41.Kc5 Kc7 42.Kb4 Re2 43.Rh5 Be4
44.Nc5 Rxf2 45.Nxe4 Re2 46.Rxg5 Rxe4 47.Kc3 h3  0-1

[Event "TCh-FIN"]
[Site "Finland FIN"]
[Date "2009.05.15"]
[Round "9"]
[White "Kivijarvi,J"]
[Black "Laitinen,Mi"]
[Result "1-0"]
[WhiteElo "2232"]
[BlackElo "1969"]

1.e4 c5 2.Nf3 Nc6 3.Bb5 Nf6 4.Nc3 Qc7 5.O-O Nd4 6.Re1 a6 7.Bc4 e6 8.e5 Ng8
9.d3 d5 10.exd6 Bxd6 11.Nxd4 cxd4 12.Nd5 Qc6 13.Nf4 Nf6 14.Ne2 Qc7 15.h3 b5
16.Bb3 Qc5 17.c3 dxc3 18.bxc3 O-O 19.d4 Qc6 20.Qd3 Bb7 21.f3 Rac8 22.Bg5 Nd5
23.Rac1 Be7 24.Bxd5 Qxd5 25.Bxe7 Rfe8 26.Bb4 Qxa2 27.Nf4 Qc4 28.Qxc4 Rxc4
29.Nd3  1-0

[Event "TCh-ISR 2008-9"]
[Site "Israel ISR"]
[Date "2009.05.15"]
[Round "9"]
[White "Rozentalis,E"]
[Black "Abergel,T"]
[Result "1-0"]
[WhiteElo "2577"]
[BlackElo "2509"]

1.e4 c5 2.Nf3 Nc6 3.Bb5 g6 4.O-O Bg7 5.Re1 Nf6 6.Bxc6 bxc6 7.e5 Nd5 8.c4 Nc7
9.Nc3 O-O 10.d4 cxd4 11.Qxd4 d5 12.Qh4 Ne6 13.Bh6 d4 14.Ne4 c5 15.Rad1 Bb7
16.Nfg5 Bxe4 17.Bxg7 Nxg5 18.Bxf8 Kxf8 19.Qxg5 Bc2 20.Rd2 Qa5 21.a3 d3 22.Qh6+ Ke8
23.e6 fxe6 24.Rxe6 Kd7 25.Qe3 Re8 26.Re5 Kc6 27.h4 e6 28.b4 Qxa3 29.Rxc5+  1-0

[Event "XXVIII Open"]
[Site "Zalakaros HUN"]
[Date "2009.05.15"]
[Round "8"]
[White "Majeric,Z"]
[Black "Horvath,P1"]
[Result "0-1"]
[WhiteElo "2281"]
[BlackElo "2445"]

1.e4 c5 2.Nf3 Nc6 3.Bb5 g6 4.O-O Bg7 5.Re1 Nf6 6.Bxc6 dxc6 7.d3 Nd7 8.e5 Nf8
9.h3 Ne6 10.b3 O-O 11.Bb2 Nd4 12.Nbd2 b6 13.Ne4 h6 14.a3 a5 15.a4 f5 16.Ned2 g5
17.Nxd4 cxd4 18.Nf3 c5 19.Bc1 Bb7 20.Nd2 Qd5 21.Qf3 Qxf3 22.gxf3 f4 23.Ne4 Rf5
24.Bd2 Rxe5 25.h4 Bxe4 26.fxe4 Rf8 27.hxg5 Rxg5+ 28.Kh2 Rh5+ 29.Kg2 f3+ 30.Kg3 Be5+
31.Kg4 Rh2 32.Rh1 Rg2+ 33.Kh5 Bf4 34.Bxf4 Rxf4 35.Kxh6 Rf7  0-1

[Event "VI Moncada Open"]
[Site "Santiago de Cuba CUB"]
[Date "2009.05.20"]
[Round "5"]
[White "Borges Feria,Y"]
[Black "Obregon Rivero,J"]
[Result "1/2-1/2"]
[WhiteElo "2403"]
[BlackElo "2309"]

1.e4 c5 2.Nf3 Nc6 3.Bb5 g6 4.Bxc6 dxc6 5.h3 Bg7 6.d3 Nf6 7.Nc3 e5 8.Be3 Qd6
9.Qd2 Be6 10.O-O O-O 11.a3 b6 12.Bh6 Rad8 13.Bxg7 Kxg7 14.Qg5 Nd7 15.Rad1 f6
16.Qg3 Bf7 17.d4 cxd4 18.Nxd4 Qc7 19.Rd2 Kh8 20.Rfd1 Qc8 21.Nde2 Nc5 22.f4 Rxd2
23.Rxd2 Qe6 24.fxe5 Qxe5 25.Qxe5 fxe5 26.Rd6 Rc8 27.Kf2 Kg7 28.Ke3 Kf8 29.Ng1 Ke7
30.Rd2 Rd8 31.Rxd8 Kxd8 32.Nf3 Nd7 33.Nd1  1/2-1/2

[Event "VI Muhamedzjanov Mem"]
[Site "Naberezhnye Chelny RUS"]
[Date "2009.05.21"]
[Round "1"]
[White "Andreev,Ed UKR"]
[Black "Romanenko,Vl"]
[Result "1/2-1/2"]
[WhiteElo "2458"]
[BlackElo "2490"]

1.e4 c5 2.Nf3 Nc6 3.Bb5 d6 4.O-O Bd7 5.Re1 Nf6 6.c3 a6 7.Bf1 Bg4 8.d4 cxd4
9.cxd4 e5 10.d5 Nd4 11.Be3 Nxf3+ 12.gxf3 Bd7 13.Nc3 b5 14.b4 Be7 15.a4 O-O
16.axb5 axb5  1/2-1/2

[Event "18th CRO-Cup"]
[Site "Sibenik CRO"]
[Date "2009.05.22"]
[Round "3"]
[White "Leventic,I"]
[Black "Kuljasevic,D"]
[Result "1/2-1/2"]
[WhiteElo "2519"]
[BlackElo "2536"]

1.e4 c5 2.Nf3 Nc6 3.Bb5 e6 4.Bxc6 bxc6 5.O-O Ne7 6.d3 Ng6 7.Ng5 e5 8.Qh5 Qf6
9.Nh3 d6 10.Bg5 Qe6 11.f4 exf4 12.Nxf4 Qg4 13.Qxg4 Bxg4 14.h3 Nxf4 15.Bxf4 Be6
16.Nd2 Be7 17.Nc4  1/2-1/2

[Event "ch-UKR w"]
[Site "Evpatoria UKR"]
[Date "2009.05.23"]
[Round "1"]
[White "Rudakova,Z"]
[Black "Goreskul,A"]
[Result "1/2-1/2"]
[WhiteElo "2026"]
[BlackElo "2248"]

1.e4 c5 2.Nf3 Nc6 3.Bb5 g6 4.O-O Bg7 5.c3 e5 6.d3 Qe7 7.a4 Nf6 8.a5 O-O 9.Bd2 h6
10.a6 b6 11.Ne1 Nd8 12.f4 exf4 13.Bxf4 Ne6 14.Bd2 Ne8 15.Qb3 N8c7 16.Bc4 d6
17.Na3 Rb8 18.Nb5 Nxb5 19.Bxb5 Bd7 20.Bxd7 Qxd7 21.Nc2 Rbe8 22.Ne3 Nc7 23.Nd5 Nxd5
24.Qxd5 Re5 25.Qb7 Re7 26.Qxd7 Rxd7 27.Rf3 Re8 28.Raf1 h5 29.Bg5 Re6 30.h4 c4
31.dxc4 Rxe4 32.b3 Re2 33.R1f2 Re1+ 34.Rf1 Re2 35.R1f2 Re1+  1/2-1/2

[Event "VI Muhamedzjanov Mem"]
[Site "Naberezhnye Chelny RUS"]
[Date "2009.05.24"]
[Round "5"]
[White "Alavkin,A"]
[Black "Romanenko,Vl"]
[Result "0-1"]
[WhiteElo "2460"]
[BlackElo "2490"]

1.e4 c5 2.Nf3 Nc6 3.Bb5 g6 4.O-O Bg7 5.Re1 e5 6.Bxc6 dxc6 7.d3 Qe7 8.Nbd2 Nf6
9.Nc4 Nd7 10.Bd2 O-O 11.Qb1 Rd8 12.a4 Nf8 13.Bc3 f6 14.b4 Be6 15.Nfd2 cxb4
16.Bxb4 Qc7 17.a5 Bf7 18.Ra2 Ne6 19.Ba3 c5 20.Rb2 Rd7 21.Nf1 Bh6 22.Rb5 Qc6
23.Nce3 Bf8 24.Rb2 Rad8 25.Nd2 Nd4 26.c3 Ne6 27.Nd5 Nf4 28.c4 Kg7 29.Rb5 Ne6
30.Bb2 Be8 31.Qa1 Rf7 32.Rb3 Bd6 33.Bc3 Nd4 34.Bxd4 cxd4 35.Reb1 Qc8 36.h3 Bc6
37.Rf1 Qe6 38.f4 exf4 39.Qxd4 Ba4 40.Rbb1 Bc2 41.Rb5 a6 42.Rb6 Qe5 43.Qf2 Bxd3
44.Re1 Rc8 45.Nf3 Bc5 46.Nxe5 Bxf2+ 47.Kxf2 fxe5 48.Re6 Rxc4 49.Rxe5 Rc5
50.Rd1 Rc2+ 51.Kg1 Be2 52.Re1 f3 53.gxf3 Bxf3 54.Ne3 Rb2 55.Re8 Rb5 56.Rf1 Rxa5
57.e5 Bc6  0-1

[Event "Global Chess"]
[Site "Ulan Bator MGL"]
[Date "2009.05.24"]
[Round "10"]
[White "Myagmarsuren,L"]
[Black "Ivanov,Tim"]
[Result "1/2-1/2"]
[WhiteElo "2198"]
[BlackElo "2359"]

1.e4 c5 2.Nf3 Nc6 3.Bb5 g6 4.O-O Bg7 5.Re1 e5 6.Bxc6 dxc6 7.d3 Qe7 8.b3 Nf6
9.Bb2 Nd7 10.Nbd2 O-O 11.a4 b6 12.Nc4 Re8 13.Qd2 f6 14.c3 Nf8 15.d4 exd4
16.cxd4 cxd4 17.Qxd4 c5 18.Qd6 Be6 19.Rad1 Qxd6 20.Rxd6 Rad8 21.e5 fxe5 22.Rxd8 Rxd8
23.Bxe5 Rd3 24.Bxg7 Kxg7 25.Re3 Rd1+ 26.Re1 Rxe1+ 27.Nxe1 Nd7 28.Nd3 Kf6
29.Kf1 Bd5 30.f3 Nf8 31.Ke2 Ne6 32.Kd2 g5 33.Nc1 Nf4 34.Ne3 Be6 35.Kc3 Ke5
36.Kd2 h5 37.g3 Nd5 38.Nc4+ Kf6 39.Ne2 Nb4 40.Nc3 Nc6 41.Ne4+ Kg6 42.Kc3 Nd4
43.Ned2 Bd5 44.b4 Kf6 45.bxc5 bxc5 46.Ne3 Bxf3 47.Kc4 Bb7 48.Kxc5 Nf3 49.Nxf3 Bxf3
50.Kd4 Ke6 51.Nc4 Be2 52.Ne5 Kf5 53.a5 a6 54.Nf7 Bf1 55.Ke3 Kf6 56.Nd6 Ke5
57.Ne4 g4 58.Nc3 Bc4 59.Ne4 Bb5 60.Nf2 Be8 61.Nd3+ Kd6 62.Nf4 Bf7 63.h3 Be8
64.hxg4 hxg4 65.Kd3 Bf7 66.Ke3 Bc4 67.Nh5 Bb3 68.Kd3 Ba2 69.Nf4 Bf7 70.Ke3 Be8
71.Kd3 Bb5+ 72.Ke3 Bc4 73.Nh5 Bg8 74.Kd3 Be6 75.Nf4  1/2-1/2

[Event "Doroshkevicha Mem"]
[Site "Belorechensk RUS"]
[Date "2009.05.25"]
[Round "3"]
[White "Gochelashvili,D"]
[Black "Skorchenko,D"]
[Result "1/2-1/2"]
[WhiteElo "2450"]
[BlackElo "2492"]

1.e4 c5 2.Nf3 Nc6 3.Bb5 e6 4.O-O Nge7 5.b3 a6 6.Bxc6 Nxc6 7.Bb2 d6 8.d4 cxd4
9.Nxd4 Bd7 10.f4 Be7 11.Nd2 O-O 12.N2f3 Rc8 13.Rf2 e5 14.Ne2 exf4 15.Nxf4 Bf6
16.c3 Re8 17.Nh5 Rxe4 18.Qd5 Re6 19.Nxf6+ Rxf6 20.c4 Rg6 21.Ng5 Rxg5 22.Qxf7+ Kh8
23.Raf1 h6 24.Bf6 Ne5 25.Bxd8 Nxf7 26.Be7 Ne5 27.Bxg5 hxg5 28.Rd2 Bc6 29.Rxd6 Kg8
30.Re6 Nd3 31.Rg6 Re8 32.Rxg5 Re2 33.a3 Ra2 34.h4 Re2  1/2-1/2

[Event "ch-UKR w"]
[Site "Evpatoria UKR"]
[Date "2009.05.25"]
[Round "3"]
[White "Horoschavina,O"]
[Black "Trofimova,Ana"]
[Result "1-0"]
[WhiteElo "2073"]
[BlackElo "1984"]

1.e4 c5 2.Nf3 Nc6 3.Bb5 e6 4.O-O Bd6 5.Bxc6 dxc6 6.e5 Bc7 7.d3 Ne7 8.Nc3 h6
9.Bf4 Nd5 10.Bd2 b6 11.Ne4 Ba6 12.b3 Qd7 13.a4 Ne7 14.Re1 Ng6 15.Ng3 O-O
16.Nh5 Qe7 17.Qe2 Rad8 18.Qe3 Rd5 19.Nxg7 Nxe5 20.Qxh6 Nxf3+ 21.gxf3 Be5
22.Rxe5 Rxe5 23.Kh1 f6 24.Rg1 Qb7 25.Nf5+ Kf7 26.Qg6+  1-0

[Event "Subic Open"]
[Site "Subic PHI"]
[Date "2009.05.26"]
[Round "2"]
[White "Legaspi,R"]
[Black "Salcedo,Ri"]
[Result "1/2-1/2"]
[WhiteElo "2358"]
[BlackElo "2203"]

1.e4 c5 2.Nf3 Nc6 3.Bb5 g6 4.Bxc6 dxc6 5.d3 Bg7 6.h3 b6 7.Nc3 Nf6 8.Bg5 h6
9.Be3 a5 10.Qd2 Ba6 11.O-O g5 12.Nh2 e5 13.Qe2 Qc7 14.a3 Bf8 15.Qf3 Be7 16.Ne2 a4
17.Ng3 O-O-O 18.Ng4 Nxg4 19.hxg4 f6 20.Rfb1 c4 21.dxc4 Bxc4 22.b3 axb3 23.cxb3 Bd3
24.Rc1 Kb7 25.Rc3 Ba6 26.Rac1 Rd6 27.Nf5 Re6 28.b4 Bb5 29.Qd1 Ra8 30.Qb3 Qc8
31.f3 Bd8 32.Bf2 Bc7 33.Qa2 Qd7 34.R3c2 Ree8 35.Ne3 Qe6 36.Qxe6 Rxe6 37.Rc3 Rh8
38.Nf5 Ba4 39.Be3 Ree8 40.Kf2 Rd8 41.Rh1 Bb8 42.Rxh6 Rxh6 43.Nxh6 Rd1 44.Nf5 Ra1
45.Bc1 Ra2+ 46.Kg1 Ka6 47.Ne7 Kb7 48.Nf5 Ka6 49.Ne7 Kb7 50.Nf5  1/2-1/2

[Event "Subic Open"]
[Site "Subic PHI"]
[Date "2009.05.26"]
[Round "2"]
[White "Bitoon,R"]
[Black "Yu Lie"]
[Result "1-0"]
[WhiteElo "2479"]
[BlackElo "2307"]

1.e4 c5 2.Nf3 Nc6 3.Bb5 e6 4.O-O Nge7 5.b3 Ng6 6.Bb2 f6 7.Re1 Be7 8.d4 cxd4
9.Nxd4 Qb6 10.Bxc6 bxc6 11.Nd2 O-O 12.Nc4 Qc7 13.Qd2 Rb8 14.Bc3 Ba6 15.Ba5 Qc8
16.Ne3 Bb7 17.Ne2 c5 18.Ng3 Qc6 19.Rad1 f5 20.exf5 exf5 21.Nd5 Bd6 22.c4 Nf4
23.Bc3 Rf7 24.Ne3 Bc7 25.f3 Qg6 26.Nexf5 Nh5 27.Kf1 Bxg3 28.Ne7+ Rxe7 29.Rxe7 Bc6
30.hxg3 Rf8 31.Rxg7+ Qxg7 32.Bxg7 Kxg7 33.Re1  1-0

[Event "Subic Open"]
[Site "Subic PHI"]
[Date "2009.05.27"]
[Round "4"]
[White "Chua Zheng Yuan,T"]
[Black "Pascua,H"]
[Result "1/2-1/2"]
[WhiteElo "2250"]
[BlackElo "2359"]

1.e4 c5 2.Nf3 Nc6 3.Bb5 Nf6 4.Qe2 g6 5.Bxc6 dxc6 6.h3 Bg7 7.O-O Nd7 8.Nc3 e5
9.d3 Nf8 10.Be3 Ne6 11.Rae1 b6 12.Nd2 Qc7 13.Qd1 O-O 14.Ne2 a5 15.Qc1 Nf4
16.Nc4 g5 17.Ng3 Rb8 18.Bxf4 exf4 19.Nf5 Bf6 20.Ncd6 Be6 21.b3 Rbd8 22.Nh6+ Kh8
23.Ndf5 Bg7 24.Qd1 Bc3 25.Re2 a4 26.f3 axb3 27.cxb3 Qd7 28.Rc2 Qxd3 29.Qc1 Bg7
30.Nxg7 Kxg7 31.Ng4 Bxg4 32.hxg4 Rd4 33.g3 Rfd8 34.gxf4 gxf4 35.Rcf2 Qe3
36.Qxe3 fxe3 37.Re2 Rd2 38.Rfe1 Kg6 39.f4 R8d4 40.Rxe3 Rxa2 41.Rf3 Rdd2 42.e5 Re2
43.Rd1 Rad2 44.Rxd2 Rxd2 45.Re3 Rd4 46.e6 Rd8 47.Kf2 h6 48.Kf3 Kf6 49.exf7 Kxf7
50.f5 Rd6 51.Kf4 Rd4+ 52.Kf3 Rd6 53.Kf4 Kf6 54.Re8 Rd4+ 55.Kf3 Rd3+ 56.Kf4 Rd4+
57.Kf3 Rd6 58.Kf4 b5 59.Rf8+ Ke7 60.Rh8 Rd4+ 61.Ke5 Rd5+ 62.Kf4 Rd4+ 63.Ke5 Rd5+
64.Kf4  1/2-1/2

[Event "Doroshkevicha Mem"]
[Site "Belorechensk RUS"]
[Date "2009.05.28"]
[Round "6"]
[White "Gladkiy,D"]
[Black "Lyubavin,V"]
[Result "1-0"]
[WhiteElo "2314"]
[BlackElo "2021"]

1.e4 c5 2.Nf3 Nc6 3.Bb5 g6 4.O-O Bg7 5.Bxc6 dxc6 6.d3 Nf6 7.Nc3 O-O 8.Be3 b6
9.h3 Qc7 10.Nd2 Ne8 11.f4 f5 12.Qe2 Bd4 13.e5 Qd8 14.Nd1 Nc7 15.c3 Bxe3+
16.Nxe3 Nd5 17.a4 Be6 18.Nec4 Qd7 19.Nb3 Nc7 20.a5 Bxc4 21.dxc4 Ne6 22.axb6 axb6
23.Rad1 Qc7 24.Rd3 Rfd8 25.Rdf3 Rd7 26.g4 Rf8 27.R1f2 Qa7 28.Nd2 Qa1+ 29.Nf1 Qd1
30.Qxd1 Rxd1 31.gxf5 Rxf5 32.Kh2 Rd8 33.Ng3 Rf7 34.f5 Rdf8 35.h4 Ng7 36.f6 exf6
37.exf6 Ne8 38.Ne4 h6 39.Kg2 Rd7 40.Re3 Kf7 41.Ref3 Nc7 42.Ng3 Ne6 43.Kh2 Rd6
44.h5 gxh5 45.Nf5 Rd7 46.Nxh6+ Kg6 47.Nf5 Ng5 48.Rf4 Ne6 49.Ne7+ Kf7 50.Rf5 Nd8
51.Rxh5 Ke6 52.Ng6 Rxf6 53.Nf8+ Ke7 54.Re5+ Ne6 55.Rxf6 Rd2+ 56.Kg3 Kxf6
57.Rxe6+ Kf7 58.Rxc6 Rxb2 59.Nd7 Rb3 60.Nxb6 Rxc3+ 61.Kf4 Rd3 62.Ke5 Ke7
63.Rc7+ Kd8 64.Rxc5 Rd1 65.Rd5+  1-0

[Event "ch-UKR w"]
[Site "Evpatoria UKR"]
[Date "2009.05.28"]
[Round "6"]
[White "Dolzhikova,K"]
[Black "Horoschavina,O"]
[Result "1-0"]
[WhiteElo "2291"]
[BlackElo "2073"]

1.e4 c5 2.Nf3 Nc6 3.Bb5 e6 4.Bxc6 bxc6 5.d3 Ne7 6.Qe2 Ng6 7.b3 e5 8.O-O d6
9.c3 Bg4 10.h3 Bxf3 11.Qxf3 Be7 12.Na3 O-O 13.Nc2 Nh4 14.Qe2 Bg5 15.g3 Bxc1
16.Raxc1 Ng6 17.Ne3 Ne7 18.f4 exf4 19.Rxf4 Qd7 20.Qh5 Ng6 21.Rg4 Rae8 22.Qf5 Qc7
23.d4 Re6 24.Qf3 Rfe8 25.Nf5 h5 26.Rg5 Rxe4 27.Rf1 Re1 28.Qxh5 Rxf1+ 29.Kxf1 cxd4
30.cxd4 Qb6 31.Kg2 Qa6 32.h4 Re2+ 33.Kh3 Rf2 34.Qd1 Qxa2 35.h5 Rd2 36.Qg1 Qxb3
37.hxg6 f6 38.Qe1 Qb8 39.Qe6+  1-0

[Event "Subic Open"]
[Site "Subic PHI"]
[Date "2009.05.28"]
[Round "6"]
[White "Legaspi,R"]
[Black "Simanjuntak,S"]
[Result "1-0"]
[WhiteElo "2358"]
[BlackElo "2260"]

1.e4 c5 2.Nf3 Nc6 3.Bb5 Qb6 4.Nc3 e6 5.Bxc6 Qxc6 6.d4 cxd4 7.Nxd4 Qc7 8.Ndb5 Qe5
9.Qf3 Bb4 10.O-O Bxc3 11.Qxc3 Qxc3 12.bxc3 Kd8 13.Nd6 Ke7 14.Ba3 Kf6 15.f4 Ne7
16.c4 Nc6 17.Rf3 h6 18.Rg3 g6 19.Bb2+ e5 20.fxe5+ Ke6 21.Rf1 Rh7  1-0

[Event "Subic Open"]
[Site "Subic PHI"]
[Date "2009.05.29"]
[Round "7"]
[White "Bancod,Ron"]
[Black "Salcedo,Ri"]
[Result "1-0"]
[WhiteElo "2356"]
[BlackElo "2203"]

1.e4 c5 2.Nf3 Nc6 3.Bb5 g6 4.O-O Bg7 5.c3 Nf6 6.Re1 O-O 7.h3 d6 8.d4 cxd4
9.cxd4 Qb6 10.Nc3 a6 11.Bf1 Rd8 12.Bg5 e6 13.d5 Ne7 14.Qd2 e5 15.Na4 Qc7
16.Rac1 Qb8 17.Nb6 Ra7 18.a4 Bd7 19.a5 Nc8 20.Qb4 Nxb6 21.Qxb6 Be8 22.Nd2 h6
23.Be3 Ra8 24.Rc7 Rd7 25.Rec1 g5 26.b4 Bf8 27.b5 axb5 28.Bxb5 Rxc7 29.Rxc7 Bxb5
30.Rxb7 Qc8 31.Qxb5 Rxa5 32.Qc6 Ra1+ 33.Kh2 Rc1 34.Qxc8 Rxc8 35.g4 Rc3 36.Kg2 Kg7
37.Kf3 Kg6 38.Nf1 h5 39.Ng3 h4 40.Nf5 Rc8 41.Rb6 Rd8 42.Rc6 Ne8 43.Bb6 Ra8
44.Bc5 Rd8 45.Rb6 f6 46.Bb4 Rd7 47.Ke3 Kf7 48.Kd3 Be7 49.Kc4 Bf8 50.Kb5 Kg6
51.Rb8 Kf7 52.Ba5  1-0

[Event "TOP 16 Poule Basse"]
[Site "Le Port Marly FRA"]
[Date "2009.05.30"]
[Round "10"]
[White "Cochet,C"]
[Black "Metzger,C"]
[Result "1/2-1/2"]
[WhiteElo "2052"]
[BlackElo "2165"]

1.e4 c5 2.Nf3 Nc6 3.Bb5 e6 4.O-O Nge7 5.Re1 a6 6.Bf1 e5 7.c3 d6 8.h3 Ng6
9.d4 Qc7 10.dxe5 dxe5 11.Nbd2 b5 12.a4 Rb8 13.axb5 axb5 14.Be2 Bd6 15.Nf1 O-O
16.Ne3 Nce7 17.Qc2 Nf4 18.Bf1 f5 19.Nxf5 Nxf5 20.Bxf4 Nh4 21.Nxh4 Rxf4 22.Nf5 Bxf5
23.exf5 e4 24.Rxe4 Rxf5 25.Re8+ Rf8 26.Rxf8+ Rxf8 27.Qe4 c4 28.Qd5+ Kh8 29.Be2 Qc5
30.Bf3 Qxd5 31.Bxd5 Bc5 32.Ra5 Bb6 33.Ra8 Rxa8 34.Bxa8 Ba5 35.Bc6  1/2-1/2

[Event "3rd ENCI Limburg Open"]
[Site "Maastricht NED"]
[Date "2009.05.30"]
[Round "2"]
[White "Kuipers,S"]
[Black "Dek,L"]
[Result "1/2-1/2"]
[WhiteElo "2343"]
[BlackElo "2179"]

1.e4 c5 2.Nf3 Nc6 3.Bb5 g6 4.O-O Bg7 5.Re1 Nf6 6.c3 O-O 7.d4 cxd4 8.cxd4 d5
9.e5 Ne4 10.Nc3 Nxc3 11.bxc3 Na5 12.a4 a6 13.Bd3 Qc7 14.Ba3 Bg4 15.Rc1 Bh6
16.Rb1 Rfe8 17.h3 Bd7 18.Bc5 Qc6 19.Rb6 Qc8 20.Qb1 e6 21.Nh2 Bf8 22.Bxf8 Rxf8
23.Ng4 Bxa4 24.Qc1 Bb5 25.Qh6 f5 26.exf6 Rf7 27.Bxg6  1/2-1/2

[Event "XXXI Nezhmetdinov Mem"]
[Site "Kazan RUS"]
[Date "2009.05.31"]
[Round "1"]
[White "Toropov,P"]
[Black "Isajevsky,A"]
[Result "0-1"]
[WhiteElo "2176"]
[BlackElo "2417"]

1.e4 c5 2.Nf3 Nc6 3.Bb5 Nf6 4.Bxc6 dxc6 5.d3 Nd7 6.b3 e5 7.Bb2 Qc7 8.O-O Be7
9.Nbd2 b5 10.Re1 O-O 11.Nf1 Rd8 12.Ne3 f6 13.a4 Nf8 14.Nh4 Be6 15.axb5 cxb5
16.c4 Qb7 17.Nhf5 Bxf5 18.Nxf5 bxc4 19.bxc4 g6 20.Nxe7+ Qxe7 21.g3 Ne6 22.Ra6 Rd6
23.Rxd6 Qxd6 24.Qa4 Rb8 25.Ra1 Qxd3 26.Qc6 Nf8 27.Bc1 Rb1 28.Rxb1 Qxb1 29.Qd5+ Kg7
30.Qxc5 Qxc1+ 31.Kg2 Qc2 32.Qe7+ Kg8 33.Qxf6 Qxe4+ 34.f3 Qxc4  0-1

[Event "TOP 16 Poule Basse"]
[Site "Le Port Marly FRA"]
[Date "2009.05.31"]
[Round "11"]
[White "Degraeve,JM"]
[Black "Taddei,B"]
[Result "1/2-1/2"]
[WhiteElo "2558"]
[BlackElo "2314"]

1.e4 c5 2.Nf3 Nc6 3.Bb5 e6 4.Bxc6 bxc6 5.d3 Ne7 6.Bd2 Ng6 7.h4 h5 8.Bc3 f6
9.e5 d6 10.exd6 Bxd6 11.g3 e5 12.Nbd2 Nf8 13.Qe2 Ne6 14.Qe4 Qd7 15.Nc4 Bc7
16.O-O-O O-O 17.Ba5 Nd4 18.Nxd4 cxd4 19.Bxc7 Qxc7 20.f4 Be6 21.Rhf1 Bd5 22.Qe2 Rab8
23.fxe5 Bxc4 24.dxc4 Qxe5 25.Qd3 Rfe8 26.Qxd4 Qxg3 27.Qxa7 Ra8 28.Qb6 Reb8
29.Qxc6 Qe3+ 30.Kb1 Rxb2+ 31.Kxb2 Qa3+ 32.Kb1 Rb8+ 33.Qb5 Rxb5+ 34.cxb5 Qb4+
35.Kc1 Qa3+ 36.Kb1 Qb4+  1/2-1/2

[Event "TOP 16 Poule Basse"]
[Site "Le Port Marly FRA"]
[Date "2009.05.31"]
[Round "11"]
[White "Shirazi,K"]
[Black "Miralles,G"]
[Result "1/2-1/2"]
[WhiteElo "2404"]
[BlackElo "2477"]

1.e4 c5 2.Nf3 Nc6 3.Bb5 d6 4.O-O Bd7 5.c4 a6 6.Bxc6 Bxc6 7.Nc3 Nf6 8.Re1 e6
9.Nd5 Be7 10.Nxe7 Qxe7 11.e5 Bxf3 12.Qxf3 dxe5 13.Rxe5 Rd8 14.b3 Nd7 15.Rh5 g6
16.Rh3 Ne5 17.Qe3 Nd3 18.Bb2 Nxb2 19.Qe5  1/2-1/2

[Event "TOP 16 Poule Haute"]
[Site "Le Port Marly FRA"]
[Date "2009.05.31"]
[Round "11"]
[White "Genzling,A"]
[Black "Abergel,T"]
[Result "1/2-1/2"]
[WhiteElo "2317"]
[BlackElo "2497"]

1.e4 c5 2.Nf3 Nc6 3.Bb5 g6 4.O-O Bg7 5.Re1 Nh6 6.c3 d5 7.exd5 Qxd5 8.d4 cxd4
9.Nxd4 Bd7 10.Nxc6 bxc6 11.Be2 Nf5 12.Bf3 Qxd1  1/2-1/2

[Event "TOP 16 Poule Haute"]
[Site "Le Port Marly FRA"]
[Date "2009.05.31"]
[Round "11"]
[White "Marcelin,C"]
[Black "Sebag,M"]
[Result "1/2-1/2"]
[WhiteElo "2495"]
[BlackElo "2527"]

1.e4 c5 2.Nf3 Nc6 3.Bb5 d6 4.O-O Bd7 5.Re1 Nf6 6.c3 a6 7.Bf1 Bg4 8.d3 e6
9.Nbd2 d5 10.h3 Bh5 11.g4 Bg6 12.Nh4 dxe4 13.dxe4 Qc7 14.Qe2 Bd6 15.Nxg6 hxg6
16.Nc4 Bh2+ 17.Kh1 Nd7 18.Bg2 O-O 19.a4 Rad8 20.Be3 Nce5 21.Nd2 Nc6 22.Nc4 Nce5
23.Nd2 Nc6  1/2-1/2